00460nam a2200085Ia 4500008004100000245018000041260000900221300009700230650004700327180130s9999 xx 000 0 und d cLehmann, Uwe; Ing, Dip I.aA post-mortem evaluation of an IT project: a case study of a process enhancement IT-project in a maintenance, repair and overhaul company management c2015 aBook title: Information technology project management--Acession number C20536; pages 167-184 aPROJECT MANAGEMENT--INFORMATION TECHNOLOGY